Physico chemical aspects of polymer surfaces. V 2 (Record no. 38879)

MARC details
000 -LEADER
fixed length control field 00287nam a2200109Ia 4500
082 ## - DEWEY DECIMAL CLASSIFICATION NUMBER
Classification number 678
Item number MIT.2
245 #0 - TITLE STATEMENT
Title Physico chemical aspects of polymer surfaces. V 2
260 ## - PUBLICATION, DISTRIBUTION, ETC. (IMPRINT)
Place of publication New York
Name of publisher Plenum
Year of publication 1983
700 ## - ADDED ENTRY--PERSONAL NAME
Personal name Mittal, K L
942 ## - ADDED ENTRY ELEMENTS (KOHA)
Koha item type Books
Holdings
Withdrawn status Lost status Damaged status Not for loan Home library Current library Date acquired Cost, normal purchase price Full call number Accession Number Koha item type
        RRII Library RRII Library 16/12/2021 78.00 678 MIT.2 19230 Books